000 00441nam a22001457a 4500
005 20251108173251.0
008 250721s1995 xx 000 0 ara d
082 1 4 _a218.7/عنف
245 1 0 _aالعنف الأصولي في مواجهات السيف و القلم /
264 1 _aبيروت :
_bرياض الريس للنشر،
_c1995.
300 _a262ص
650 1 7 _aالفرق الإسلامية
942 _2ddc
_cBK
999 _c99934
_d99934